000
00335nam a22001577a 4500
003
SGT
020
_a
978-80-312-0639-3
082
_a
630
_b
AGR
100
_a
AGRIOS, GEORGE N.
245
_a
PLANT PATHOLOGY
250
_a
5TH
260
_a
AMSTERDAM
_b
ELSERVIER
_c
2015
300
_a
922
650
_a
PLANT PATHOLOGY
942
_2
ddc
_c
BK
999
_c
13331
_d
13331